LEADER 00958nam--2200373---450- 001 990002821360203316 005 20061003111552.0 010 $a88-7018-267-3 035 $a000282136 035 $aUSA01000282136 035 $a(ALEPH)000282136USA01 035 $a000282136 100 $a20061003d1995----km-y0itay50------ba 101 $aita 102 $aIT 105 $a||||||||001yy 200 1 $aMussolini$fPaolo Valera 210 $aGenova$c<> melangolo$d1995 215 $a201 p.$d21 cm 225 2 $aLecturae 410 0$12001$aLecturae 454 1$12001 461 1$1001-------$12001 600 0 $aMussolini,$bBenito 676 $a945.091 700 1$aVALERA,$bPaolo$0198099 801 0$aIT$bsalbc$gISBD 912 $a990002821360203316 951 $a945.091 VAL$b3357 DITESI (armadio 3 I 417) 959 $aBK 969 $aDITESI 979 $aDITESI$b10$c20061003$lUSA01$h1115 996 $aMussolini$9140378 997 $aUNISA LEADER 01155cam--2200373---450- 001 990002111800203316 005 20160620163656.0 035 $a000211180 035 $aUSA01000211180 035 $a(ALEPH)000211180USA01 035 $a000211180 100 $a20041026d1931----km-y0itay50------ba 101 0 $aita 102 $aIT 105 $aa|||||||001yy 200 1 $aCirenaica$fa cura dell'Istituto coloniale fascista 210 $aRoma$cGrafia$d1931 215 $a58 p., [2] carte di tav. di cui 1 ripiegata$cill.$d21 cm 300 $aData desunta dal catalogo on-line del Polo BNCF 607 $aCirenaica$2BNCF 676 $a916.12 712 02$aIstituto coloniale fascista 801 0$aIT$bsalbc$gISBD 912 $a990002111800203316 951 $aFA.IX. 40 (ISP II 57)$b23904 E.C.$cFA.IX.$d00189867 959 $aBK 969 $aANT 979 $aSIAV1$b10$c20041026$lUSA01$h1427 979 $aRSIAV1$b90$c20090421$lUSA01$h1400 979 $aANNAMARIA$b90$c20160620$lUSA01$h1151 979 $aANNAMARIA$b90$c20160620$lUSA01$h1151 979 $aANNAMARIA$b90$c20160620$lUSA01$h1636 996 $aCIRENAICA$9451960 997 $aUNISA LEADER 01008nam0-2200349---450 001 990009467750403321 005 20240205155226.0 035 $a000946775 035 $aFED01000946775 035 $a(Aleph)000946775FED01 100 $a20111027d1972----km-y0itay50------ba 101 0 $aeng 102 $aAT 105 $aa-------001yy 200 1 $aCanine distemper virus$fby M.J.G. Appel and J.H. Gillespie$cMarburg virus$fR. Siegert 210 $aWien ; New York$cSpringer-Verlag$d1972 215 $a153 p.$cill.$d25 cm 225 1 $aVirology monographs$v11 610 0 $aVirus 676 $a581.222$v20$zita 700 1$aAppel,$bMax J.$0513908 701 1$aGillespie,$bJames Howard$0310619 701 1$aSiegert,$bR.$0513470 801 0$aIT$bUNINA$gRICA$2UNIMARC 901 $aBK 912 $a990009467750403321 952 $aE III 7/m$b2015$fDMVCM 952 $aA PAT 1330$b1343/2024$fFAGBC 959 $aDMVCM 959 $aFAGBC 996 $aCanine distemper virus$9852865 997 $aUNINA